000 00984nam a22003137a 4500
001 BR7805072
003 BR-BrBNA
005 20230928085705.0
007 ta
008 230509b bl.||||| |||| 00| 0 por d
040 _aBR-BrBNA
_bpor
_cBiblioteca Nacional de Agricultura
041 _a(Eng, Por)
072 _aA50; F00
_b0336
090 _ 0336 BR7805072
100 1 _aOliveira, M. da C.
100 1 _aKurihara, M.H.
100 1 _aAcosta-Hoyos, L.E.
110 1 _aCentro Nacional de Pesquisa de Soja, Londrina, PR (Brasil)
_91793
245 1 _aSoja. Diretorio internacional de pesquisadores [Glycine max]
260 3 _aBrasilia, DF (Brasil):
_bEmpresa Brasileira de Pesquisa Agropecuaria. Depto. de Informacao e Documentacao,
_c1978.
300 _a680 p.
650 _aSOJA
650 _aGENETICA VEGETAL
650 _aDOENCA DE PLANTA
650 _aPRATICA CULTURAL
650 _aINSTITUICAO DE PESQUISA
909 _a202309
_bLucia
_c55
_dLucia Elande
942 _cBK
999 _c25795
_d25795